| 000 | 00000nam##2200000za#4500 |
| 001 | 9.571109 |
| 003 | CaOODSP |
| 005 | 20210624182549 |
| 007 | cr ||||||||||| |
| 008 | 150406|2008||||xxc|||||o f|0| 0 eng|d |
| 022 | |a1919-3769 |
| 040 | |aCaOODSP|beng |
| 043 | |an-cn--- |
| 086 | 1 |aFs70-7/2008-001E-PDF |
| 110 | 1 |aCanada. |bDepartment of Fisheries and Oceans. |bMaritimes Region. |
| 245 | 10|aStatus of Atlantic salmon in salmon fishing areas (SFAs) 19-21 and 23 |h[electronic resource] |
| 246 | 1 |aScience response: status of salmon in SFAs 19-21, 23 |
| 260 | |aOttawa - Ontario : |bFisheries and Oceans Canada. |cMay 2008. |
| 300 | |a29p.|bgraphs, maps (some coloured), references, tables |
| 490 | 1 |aCanadian Science Advisory Secretariat - science response |x1919-3769|v2008/001, Maritimes Region |
| 590 | |a11-28-Supp|b2011-11-17 |
| 775 | 08|tÉtat du saumon Atlantique dans les zones de pêche du saumon (ZPS) 19-21 et 23 |w(CaOODSP)9.601749 |
| 830 | #0|aScience response (Canadian Science Advisory Secretariat)|x1919-3769|v2008/001, Maritimes Region|w(CaOODSP)9.506232 |
| 856 | 40|ahttp://publications.gc.ca|qPDF|s1.06 MB|uhttps://publications.gc.ca/collections/collection_2011/mpo-dfo/Fs70-7-2008-001-eng.pdf|y2008/001, Maritimes Region |